<?xml version="1.0" encoding="UTF-8"?><?xml-stylesheet type="text/xsl" href="static/style.xsl"?><OAI-PMH xmlns="http://www.openarchives.org/OAI/2.0/" xmlns:xsi="http://www.w3.org/2001/XMLSchema-instance" xsi:schemaLocation="http://www.openarchives.org/OAI/2.0/ http://www.openarchives.org/OAI/2.0/OAI-PMH.xsd"><responseDate>2026-06-07T23:44:03Z</responseDate><request verb="GetRecord" identifier="oai:docta.ucm.es:20.500.14352/7194" metadataPrefix="marc">https://docta.ucm.es/rest/oai/request</request><GetRecord><record><header><identifier>oai:docta.ucm.es:20.500.14352/7194</identifier><datestamp>2024-10-11T11:53:22Z</datestamp><setSpec>com_20.500.14352_14</setSpec><setSpec>col_20.500.14352_15</setSpec></header><metadata><record xmlns="http://www.loc.gov/MARC21/slim" xmlns:dcterms="http://purl.org/dc/terms/" xmlns:xsi="http://www.w3.org/2001/XMLSchema-instance" xmlns:doc="http://www.lyncode.com/xoai" xsi:schemaLocation="http://www.loc.gov/MARC21/slim http://www.loc.gov/standards/marcxml/schema/MARC21slim.xsd">
   <leader>00925njm 22002777a 4500</leader>
   <datafield ind2=" " ind1=" " tag="042">
      <subfield code="a">dc</subfield>
   </datafield>
   <datafield ind2=" " ind1=" " tag="720">
      <subfield code="a">Valenciano Salazar, Jorge A.</subfield>
      <subfield code="e">author</subfield>
   </datafield>
   <datafield ind2=" " ind1=" " tag="720">
      <subfield code="a">André García, Francisco Javier</subfield>
      <subfield code="e">author</subfield>
   </datafield>
   <datafield ind2=" " ind1=" " tag="720">
      <subfield code="a">Soliño Millán, Mario</subfield>
      <subfield code="e">author</subfield>
   </datafield>
   <datafield ind2=" " ind1=" " tag="260">
      <subfield code="c">2021</subfield>
   </datafield>
   <datafield ind2=" " ind1=" " tag="520">
      <subfield code="a">This article analyzes the willingness to pay of Costa Rican consumers for three environmental certifications in the coffee market, namely, Carbon Neutral, Fairtrade, and ISO 14001. A face-to-face survey was applied to 1191 Costa Rican inhabitants. The results show that Costa Rican consumers are willing to pay price premiums around 30% for all the considered environmental certifications. In addition, a Cragg’s hurdle model shows that household income, the level of education, and environmental or community activism increase the likelihood of consumers paying price premiums for environmental certifications, while men are less likely to pay than women. It was also found that the size of the price premiums that respondents are willing to pay are positively related to income, gender (female), and education, and negatively related to age. Once the effect of socioeconomic variables has been controlled for, we conclude that consumers are more willing to pay for the CN certification than for the other two. The results can be useful for participants in the coffee value chain; coffee producers can use environmental certifications both to enhance their participation in green markets, particularly in developing countries, and to improve their environmental performance.</subfield>
   </datafield>
   <datafield ind1="8" ind2=" " tag="024">
      <subfield code="a">Valenciano-Salazar, J. A., Anfré García, F. J., Soliño Milán, M. «Paying for Sustainable Coffee in a Developing Country: Consumers’ Profile in Costa Rica». Sustainability, vol. 13, n.o 16, agosto de 2021, p. 9360. DOI.org (Crossref), https://doi.org/10.3390/su13169360.</subfield>
   </datafield>
   <datafield ind1="8" ind2=" " tag="024">
      <subfield code="a">2071-1050</subfield>
   </datafield>
   <datafield ind1="8" ind2=" " tag="024">
      <subfield code="a">10.3390/su13169360</subfield>
   </datafield>
   <datafield ind1="8" ind2=" " tag="024">
      <subfield code="a">https://hdl.handle.net/20.500.14352/7194</subfield>
   </datafield>
   <datafield ind1="8" ind2=" " tag="024">
      <subfield code="a">https://doi.org/10.3390/su13169360</subfield>
   </datafield>
   <datafield ind2="0" ind1="0" tag="245">
      <subfield code="a">Paying for sustainable coffee in a developing country: Consumers’ profile in Costa Rica</subfield>
   </datafield>
</record></metadata></record></GetRecord></OAI-PMH>